Movies Quiz

Random Movies or Actress Quiz

The Many Voices of Pixar Quiz Stats

 Plays Quiz Updated Apr 19, 2012

Also try: Pixar Characters
Challenge
Share
Tweet
Embed
Score 0/30 Timer 06:00
3 Plays Today
% Correct
Woody
88.6%
Dory
85.3%
Buzz Lightyear
85.1%
Lightning McQueen
73.1%
Mike Wazowski
68.3%
Mater
66.7%
Sulley
64.8%
Frozone
64.4%
Jessie
60.7%
Elastigirl
59.7%
Hamm
52.1%
Princess Atta
51.8%
Carl Fredericksen
48.5%
Mr. Incredible
47.6%
Doc Hudson
47.3%
% Correct
Randall
43.8%
Stinky Pete the Prospector
43.8%
Mr. Potato Head
42.9%
Marlin
39.8%
Hopper
38.3%
Remy
36.5%
Syndrome
35.9%
Gill
33.6%
Ken
33.5%
Finn McMissile
33.2%
Flik
30.4%
Nigel
29.3%
Lotso
28.3%
Anton Ego
27.7%
WALL·E
24.5%

You're not logged in!

Compare scores with friends on all Sporcle quizzes.
Join for Free
OR
Log In

You Might Also Like...

Show Comments

Extras

Top Quizzes Today


Score Distribution

Your Account Isn't Verified!

In order to create a playlist on Sporcle, you need to verify the email address you used during registration. Go to your Sporcle Settings to finish the process.

Report this User

Report this user for behavior that violates our Community Guidelines.

Details: